[Event "Open Brasil"]
[Site "http://www.queenalice.com/game.php?id=927839"]
[Date "2011.4.19"]
[Round "1"]
[White "vitu02"]
[Black "RobinhoMed"]
[Result "1-0"]
[WhiteElo "954"]
[BlackElo "1312"]

1. e4 e5 2. d3 Nf6 3. c3 d6 4. c4 c5 5. Nf3 Bg4 6. h3 Bh5 7. Qb3 Bxf3 8. gxf3 b6
9. a4 h5 10. Rg1 g6 11. Nc3 Bh6 12. Nb5 g5 13. Be2 Rg8 14. Bd2 Nc6 15. Bc3 h4
16. Rd1 Qc8 17. Nxd6+ Kd7 18. Nxf7 Rg6 19. Qb5 a6 20. Qxb6 Rb8 21. Qxc5 Ng8 22.
Rb1 Rf6 23. Nxe5+ Nxe5 24. Qxe5 Qb7 25. Qd5+ Rd6 26. Qf7+ Ne7 27. Be5 Qb4+ 28.
Kd1 Qb3+ 29. Kc1 g4+ 30. f4 g3 31. fxg3 Rdb6 32. Bxb8 Rxb8 33. gxh4 Bxf4+ 34.
Qxf4 Qxa4 35. Rg7 Qb4 36. Qg4+ Ke8 37. Qh5+ Kd7 38. Bg4+ Kd6 39. e5+ Kc5 40.
Rxe7 Qe1+ 41. Bd1 Qe3+ 42. Kc2 Rg8 43. Rc7+ Kb4 44. Rb7+ Kc5 45. e6+ Kd6 46. c5+
Kxe6 47. Qh6+ Qxh6 48. Rb6+ Kf7 49. Rxh6 Rg2+ 50. Kc3 Rh2 51. Bb3+ Kg7 52. Rh5
Kg6 53. Rd5 Rxh3 54. Rg1+ Kf6 55. Rf1+ Ke6 56. Rd8+ Ke7 57. Rh8 a5 58. h5 Kd7
59. h6 Kc6 60. Rc8+ Kb5 61. Rf6 a4 62. Rb6+ Ka5 63. Ra8# 1-0

[Event "Desafio 2"]
[Site "http://www.queenalice.com/game.php?id=930872"]
[Date "2011.4.27"]
[Round "-"]
[White "Dharis"]
[Black "vitu02"]
[Result "1-0"]
[WhiteElo "1437"]
[BlackElo "1011"]

1. e4 e5 2. Nf3 Nf6 3. Nc3 Nc6 4. Bb5 Nd4 5. O-O c6 6. Bc4 b5 7. Bxf7+ Kxf7 8.
Nxe5+ Ke8 9. d3 h5 10. Bg5 Qe7 11. Nf3 Ne6 12. Bd2 b4 13. Ne2 Ba6 14. a3 c5 15.
axb4 Qd8 16. Rxa6 cxb4 17. Nf4 Qc8 18. Ra5 Qc7 19. Ra4 Rb8 20. Ng6 Rh6 21. Nxf8
Rh8 22. Nxe6 dxe6 23. e5 Nd7 24. Bxb4 Rh6 25. Bd6 Qc6 26. Bxb8 Qxa4 27. Bd6 Qg4
28. h3 Qa4 29. Qa1 Nb6 30. Qxa4+ Nxa4 31. Ra1 Nb6 32. Rxa7 Rh8 33. Ng5 Kd8 34.
Nxe6+ Kc8 35. Nc5 Rd8 36. Rc7+ Kb8 37. Rb7+ Ka8 38. Rxb6 Ka7 39. Ra6# 1-0

[Event "Challenge"]
[Site "http://www.queenalice.com/game.php?id=931151"]
[Date "2011.4.27"]
[Round "-"]
[White "markgrim83"]
[Black "vitu02"]
[Result "1-0"]
[WhiteElo "1085"]
[BlackElo "1082"]

1. b3 e5 2. e3 Nc6 3. c4 Nf6 4. g3 b6 5. a4 g5 6. Nc3 h5 7. e4 Nd4 8. h4 gxh4 9.
Rxh4 Bh6 10. a5 Qe7 11. Ba3 d6 12. b4 Rg8 13. Qa4+ Bd7 14. b5 Bg5 15. Nd5 Nxd5
16. cxd5 Bxh4 17. gxh4 Rxg1 18. Rc1 c5 19. Qd1 Bg4 20. Qa4 Nf3+ 21. Ke2 Nh2+ 22.
f3 Bxf3+ 23. Kf2 Rg4 24. Qb3 Qxh4+ 25. Ke3 Rxe4+ 26. Kd3 f5 27. axb6 axb6 28.
Ra1 c4+ 29. Kc3 Re3+ 30. dxe3 cxb3 31. Kxb3 f4 32. Bd3 fxe3 33. Rg1 Bxd5+ 34.
Kb2 1-0

[Event "Challenge"]
[Site "http://www.queenalice.com/game.php?id=931794"]
[Date "2011.4.29"]
[Round "-"]
[White "RobinhoMed"]
[Black "vitu02"]
[Result "1-0"]
[WhiteElo "1345"]
[BlackElo "1017"]

1. Nf3 Nc6 2. Nc3 Nf6 3. e4 e5 4. d3 h5 5. Bg5 a5 6. Bh4 Ra6 7. Na4 Bb4+ 8. c3
Bd6 9. d4 Nxe4 10. Bxd8 Kxd8 11. Bxa6 bxa6 12. a3 g5 13. h4 f6 14. hxg5 fxg5 15.
b4 axb4 16. axb4 g4 17. Nd2 exd4 18. Nxe4 dxc3 19. Nxd6 cxd6 20. Qxd6 Re8+ 21.
Kd1 Re6 22. Qf4 Ne5 23. Qg5+ 1-0